Traduction de nom des planètes du latin au grec - Statistiques

Statistiques générales
  • Ce quiz a été pris 56 fois
  • Le résultat moyen est 7 sur 9
Statistiques - réponses
Latin Grec % Correct
Jupiter Zeus
93%
Vénus Aphrodite
89%
Mars Arès
89%
Neptune Poséidon
89%
Mercure Hermès
76%
Terre Gaïa
73%
[Pluton] [Hadès]
71%
Saturne Cronos
53%
Uranus Ouranos
36%
Aucun quiz correspondant
Distribution des résultats
% des personnes avec chaque résultat
Percentile par nombre de réponses
Votre historique - résultats
Vous n’avez pas pris ce quiz